Las polillas de la fruta en Chile: Lepidóptera. Tortricidae; Pyralidae

محفوظ في:
التفاصيل البيبلوغرافية
المؤلف الرئيسي: González Rodríguez, Roberto Hernán (autor)
التنسيق: كتاب
اللغة:الإسبانية
منشور في: Santiago Universidad de Chile 2003
الطبعة:1a. ed
سلاسل:Ciencias Agronómicas, 9
الموضوعات:
الوسوم: إضافة وسم
لا توجد وسوم, كن أول من يضع وسما على هذه التسجيلة!

MARC

LEADER 00000cam a2200000 a 4500
001 UCC5872
003 CL-VaPUC
008 181031e20030000cl |||||||||||||||||spa|d
020 |a 956104136 
082 0 4 |a 634.04978  |b GON  |2 21 
100 |a González Rodríguez, Roberto Hernán  |e autor  |9 600292 
245 1 4 |a Las polillas de la fruta en Chile: Lepidóptera. Tortricidae; Pyralidae 
250 |a 1a. ed 
300 |a 188 p 
942 |c BK 
945 |d 20181031 17:21:00  |a dcastane 
260 |a Santiago  |b Universidad de Chile  |c 2003 
650 7 |a POLILLAS  |2 CL-VaPUC  |9 526664 
650 7 |a PLAGAS  |2 CL-VaPUC  |9 264624 
650 0 |a Control de plagas  |9 327373 
583 |a last modification  |c 20181031 17:21:00  |k Rodrigo Vera 
490 0 |a Ciencias Agronómicas, 9 
999 |c 372981  |d 372979 
952 |0 0  |1 0  |3 erd  |4 0  |6 634_049780000000000_GON_2003  |7 0  |8 A  |9 490879  |a BIBAGR  |b BIBAGR  |i 5511178  |l 1  |o 634.04978 GON 2003  |p 5511178  |r 2025-01-20  |s 2023-04-05  |w 2019-11-24  |y BK  |z Catalogado en:20181031  |k AGR 
952 |0 0  |1 0  |3 erd  |4 0  |6 634_049780000000000_GON_2003  |7 0  |8 A  |9 490880  |a BIBAGR  |b BIBAGR  |i 5511143  |o 634.04978 GON 2003  |p 5511143  |r 2025-01-20  |w 2019-11-24  |y BK  |z Catalogado en:20181031  |k AGR 
952 |0 0  |1 0  |3 erd  |4 0  |6 634_049780000000000_GON_2003  |7 0  |8 A  |9 490881  |a BIBAGR  |b BIBAGR  |i 551116K  |o 634.04978 GON 2003  |p 551116K  |r 2025-01-20  |w 2019-11-24  |y BK  |z Catalogado en:20181031  |k AGR 
952 |0 0  |1 0  |3 erd  |4 0  |6 634_049780000000000_GON_2003  |7 0  |8 A  |9 490882  |a BIBAGR  |b BIBAGR  |i 5511151  |l 1  |o 634.04978 GON 2003  |p 5511151  |r 2025-01-20  |s 2024-11-11  |w 2019-11-24  |y BK  |z Catalogado en:20181031  |k AGR